000
00240nam a22000857a 4500
008
161013b xxu||||| |||| 00| 0 eng d
100
_9
824
_a
Spark
245
_a
No Fear Shakespeare:The Comedy of Errors
260
_a
NewYork
_b
Spark Publications
_c
2005
999
_c
3477
_d
3477